[Event "Challenge"]
[Site "http://www.queenalice.com/game.php?id=457745"]
[Date "2008.9.3"]
[Round "-"]
[White "pipino"]
[Black "Bobhigdon"]
[Result "0-1"]
[WhiteElo "1716"]
[BlackElo "1563"]

1. e4 e5 2. Bc4 Qe7 3. d3 d6 4. Nf3 h6 5. O-O Be6 6. Be3 Bxc4 7. dxc4 c5 8. Nc3
Nf6 9. Qe2 Nc6 10. Rfd1 Nd4 11. Bxd4 cxd4 12. Nb5 a6 13. Na3 Qc7 14. Rac1 Be7
15. c3 dxc3 16. Rxc3 Qc6 17. Re3 Ng4 18. Red3 Rd8 19. c5 Qxc5 20. Rc1 Qxc1+ 21.
Rd1 Qc7 22. Nc4 O-O 23. Ne1 Nf6 24. Nd3 Qxc4 25. Rc1 Qd4 26. Rc7 Nd7 27. Rxb7 d5
28. exd5 Qxd5 29. Ra7 Qxa2 30. Nxe5 Nxe5 31. Rxe7 Qa1+ 32. Qf1 Rd1 33. h3 Rxf1+
34. Kh2 Qxb2 35. f3 Nxf3+ 36. Kg3 Qf2+ 37. Kf4 Qh4+ 38. g4 Qg5+ 0-1

[Event "Challenge"]
[Site "http://www.queenalice.com/game.php?id=476032"]
[Date "2008.10.11"]
[Round "-"]
[White "iwanikow"]
[Black "Bobhigdon"]
[Result "1-0"]
[WhiteElo "1627"]
[BlackElo "1580"]

1. e4 e5 2. Nf3 Nc6 3. d3 h6 4. Be2 Nf6 5. O-O Bc5 6. Nc3 O-O 7. a3 a6 8. Nd5
Nxd5 9. exd5 Nd4 10. Nxe5 d6 11. Nf3 Nxe2+ 12. Qxe2 Re8 13. Qd2 Bg4 14. d4 Ba7
15. Qb4 b5 16. Be3 Qf6 17. Nd2 Qg6 18. Qc3 Bh3 19. g3 Bxf1 20. Rxf1 Bb6 21. Nf3
Re7 22. Nh4 Qg4 23. b4 a5 24. Qd2 Kh7 25. Qd3+ Kg8 26. Nf5 Ree8 27. f3 Qh3 28.
bxa5 Rxa5 29. g4 b4 30. axb4 Rxd5 31. Qd2 c5 32. c4 Rxf5 33. gxf5 Qxf5 34. dxc5
Ba7 35. Bd4 d5 36. Ra1 Bb8 37. Rf1 Bf4 38. Qg2 dxc4 39. Qxg7# 1-0

[Event "CAVALOS IMBATÍVEIS"]
[Site "http://www.queenalice.com/game.php?id=512097"]
[Date "2008.12.24"]
[Round "-"]
[White "jw16js"]
[Black "Bobhigdon"]
[Result "0-1"]
[WhiteElo "1541"]
[BlackElo "1560"]

1. b3 e5 2. Bb2 d6 3. e3 Be7 4. Bc4 Nh6 5. e4 O-O 6. Nc3 c6 7. Bd3 Be6 8. Nge2
Ng4 9. h3 Nh6 10. Ng3 d5 11. exd5 cxd5 12. Be2 a6 13. Na4 b5 14. Nc3 Nf5 15. Bg4
Bh4 16. Nxf5 Bxf5 17. Bxf5 Qf6 18. g3 Bxg3 19. fxg3 Qxf5 20. g4 Qf4 21. Qe2 Nc6
22. Nxd5 Qg3+ 23. Kd1 Rae8 24. Ne3 Nd4 25. Bxd4 exd4 26. Qe1 Qf3+ 27. Kc1 dxe3
28. dxe3 Rxe3 29. Qd1 Qf4 30. Kb1 Qf6 31. Qg1 Rfe8 32. a3 Qc3 33. Rh2 Re1+ 34.
Qxe1 Rxe1+ 0-1

[Event "Challenge"]
[Site "http://www.queenalice.com/game.php?id=533014"]
[Date "2009.2.1"]
[Round "-"]
[White "Bobhigdon"]
[Black "iwanikow"]
[Result "0-1"]
[WhiteElo "1638"]
[BlackElo "1604"]

1. e4 e5 2. Nf3 d6 3. h3 Nf6 4. Bc4 Be7 5. d3 O-O 6. Nc3 Nc6 7. a3 Nd4 8. Ng5 c5
9. O-O Nd7 10. Nf3 Nxf3+ 11. Qxf3 Nb6 12. Bb3 Nd7 13. Nd5 Nf6 14. Nxe7+ Qxe7 15.
Qg3 Nh5 16. Qg5 Qxg5 17. Bxg5 b5 18. Be7 Re8 19. Bxd6 a5 20. Bd5 Ra6 21. Bxc5
Nf4 22. Rae1 Rg6 23. Kh1 Rxg2 24. Rg1 Rxg1+ 25. Rxg1 Nxh3 26. Rg3 Nxf2+ 27. Bxf2
g6 28. Bc5 Be6 29. Bb6 a4 30. Bc6 Rc8 31. Bxb5 Rxc2 32. d4 Rxb2 33. d5 Rxb5 34.
Be3 Bd7 35. Bg5 Rb3 36. Bh4 Kg7 37. Kg1 Rxg3+ 38. Bxg3 Kf6 39. Kf2 h5 40. Bh2 g5
0-1

[Event "Challenge"]
[Site "http://www.queenalice.com/game.php?id=534881"]
[Date "2009.2.4"]
[Round "-"]
[White "Bobhigdon"]
[Black "iwanikow"]
[Result "1-0"]
[WhiteElo "1624"]
[BlackElo "1625"]

1. e4 e5 2. Nf3 d6 3. Be2 Be7 4. d3 Nf6 5. Nc3 O-O 6. O-O Nc6 7. a3 Nd4 8. h3
Nxe2+ 9. Nxe2 c5 10. c4 Be6 11. Ng3 a6 12. Bd2 b5 13. b3 bxc4 14. bxc4 Rb8 15.
Ng5 Nd7 16. Nxe6 fxe6 17. Nh5 g6 18. Qg4 Nf6 19. Nxf6+ Rxf6 20. Bg5 Rf7 21. Bh6
Qd7 22. Rae1 Rb2 23. Re2 Rb3 24. f4 Rxd3 25. Rb2 Rxa3 26. h4 Rc3 27. f5 exf5 28.
exf5 Rxf5 29. Rbf2 Bf8 30. h5 Bxh6 31. Rxf5 Qe6 32. Rf8+ 1-0

[Event "AUTO-INT-1254"]
[Site "http://www.queenalice.com/game.php?id=563422"]
[Date "2009.3.29"]
[Round "1"]
[White "Bobhigdon"]
[Black "dwrogers"]
[Result "1-0"]
[WhiteElo "1613"]
[BlackElo "1572"]

1. e4 e5 2. Nf3 d6 3. h3 Nf6 4. Nc3 a6 5. Bc4 Nc6 6. Ng5 Be6 7. Nd5 Na5 8. Bd3
c6 9. Ne3 Qd7 10. b4 h6 11. Nxe6 Qxe6 12. bxa5 g6 13. O-O O-O-O 14. Nc4 b5 15.
Nb6+ Kb7 16. a4 d5 17. f3 Bc5+ 18. Kh1 Bxb6 19. axb5 Bd4 20. bxc6+ Kxc6 21. c3
Ba7 22. Rb1 Nh5 23. Qa4+ Kd6 24. Rb7 Ra8 25. Ba3+ Bc5 26. Bxc5+ 1-0

[Event "AUTO-INT-1254"]
[Site "http://www.queenalice.com/game.php?id=563423"]
[Date "2009.3.29"]
[Round "1"]
[White "dwrogers"]
[Black "Bobhigdon"]
[Result "0-1"]
[WhiteElo "1572"]
[BlackElo "1597"]

1. e4 e5 2. Bc4 Qf6 3. Qf3 Be7 4. Qxf6 Nxf6 5. Nc3 O-O 6. d3 d6 7. Bg5 c6 8.
O-O-O b5 9. Bb3 a5 10. g3 a4 11. Bxf6 Bxf6 12. Bxa4 bxa4 13. f3 a3 14. bxa3 Rxa3
15. Kb1 Rxc3 16. Kb2 Rc5 17. Ne2 d5 18. exd5 e4+ 19. Kc1 cxd5 20. fxe4 Bg5+ 21.
Nf4 Be6 22. h4 Bh6 23. exd5 Bxd5 24. Kb1 Bxf4 25. gxf4 Bxh1 26. d4 Rb5+ 27. Ka1
Be4 0-1

[Event "AUTO-INT-1254"]
[Site "http://www.queenalice.com/game.php?id=563424"]
[Date "2009.3.29"]
[Round "1"]
[White "Bobhigdon"]
[Black "citryien"]
[Result "1-0"]
[WhiteElo "1626"]
[BlackElo "1399"]

1. e4 e5 2. Nf3 Nc6 3. Bc4 d6 4. h3 f5 5. d3 fxe4 6. dxe4 Nf6 7. Ng5 h6 8. Bf7+
Ke7 9. Bc4 hxg5 10. Bxg5 Ke8 11. c3 Be7 12. f3 Na5 13. Bd3 Be6 14. Nd2 Nh7 15.
Be3 Qd7 16. b4 Nc6 17. O-O Bg5 18. f4 exf4 19. Bxf4 Bxf4 20. Rxf4 Ne5 21. Be2
Ke7 22. Qf1 Raf8 23. Rxf8 Rxf8 24. Nf3 Nxf3+ 25. Bxf3 Ng5 26. Kh1 Nxf3 27. gxf3
Bxh3 28. Qg1 1-0

[Event "AUTO-INT-1254"]
[Site "http://www.queenalice.com/game.php?id=563425"]
[Date "2009.3.29"]
[Round "1"]
[White "citryien"]
[Black "Bobhigdon"]
[Result "1/2-1/2"]
[WhiteElo "1600"]
[BlackElo "1627"]

1. Nf3 d5 2. d4 Bf5 3. e3 a6 4. c4 Be4 5. cxd5 Bxd5 6. Nc3 Nf6 7. Nxd5 Nxd5 8.
a3 f6 9. Be2 e6 10. Bd2 Bd6 11. O-O O-O 12. Rc1 c6 13. h3 Nd7 14. Bd3 Ne7 15.
Bb1 c5 16. dxc5 Nxc5 17. Bb4 b6 18. Qc2 Rc8 19. Qxh7+ Kf7 20. Qh5+ Kg8 21. Bh7+
Kh8 22. Bg6+ 1/2-1/2

[Event "AUTO-INT-1254"]
[Site "http://www.queenalice.com/game.php?id=563426"]
[Date "2009.3.29"]
[Round "1"]
[White "Bobhigdon"]
[Black "Elrazer"]
[Result "0-1"]
[WhiteElo "1621"]
[BlackElo "1852"]

1. e4 e5 2. Nf3 d6 3. h3 Nf6 4. Nc3 Nc6 5. Bc4 Be6 6. Nd5 Nxe4 7. O-O Na5 8. d3
c6 9. Nc3 Nxc3 10. bxc3 Bxc4 11. dxc4 Nxc4 12. Rb1 Rb8 13. Qd3 d5 14. Re1 Bd6
15. Nh2 e4 16. Qd4 O-O 17. Rb3 Qa5 18. Bb2 Be5 19. Qd1 Nxb2 20. Qb1 Na4 21. Ra3
Bd6 22. Rb3 Nxc3 23. Rxc3 Qxc3 24. Re3 Qd4 25. Nf1 f5 26. c3 Qe5 27. Rg3 f4 0-1

[Event "AUTO-INT-1254"]
[Site "http://www.queenalice.com/game.php?id=563427"]
[Date "2009.3.29"]
[Round "1"]
[White "Elrazer"]
[Black "Bobhigdon"]
[Result "1-0"]
[WhiteElo "1814"]
[BlackElo "1633"]

1. d4 d5 2. Nf3 Nc6 3. e3 a6 4. Nc3 Nf6 5. Bd3 e6 6. O-O Bd6 7. e4 O-O 8. e5
Nxe5 9. dxe5 Bc5 10. exf6 g6 11. Bg5 Qd6 12. Bh6 Rd8 13. Ng5 e5 14. Nxd5 Qxd5
15. Bc4 Qxg2+ 16. Kxg2 Rd7 17. Bxf7+ Rxf7 18. Qd5 1-0

[Event "citryien"]
[Site "http://www.queenalice.com/game.php?id=574798"]
[Date "2009.4.20"]
[Round "1"]
[White "Bobhigdon"]
[Black "fabke007"]
[Result "0-1"]
[WhiteElo "1640"]
[BlackElo "2147"]

1. e4 c5 2. Bc4 Nc6 3. Nf3 d6 4. Ng5 Ne5 5. Nxf7 Nxf7 6. Qf3 Nf6 7. Nc3 Ne5 8.
Qe2 Nxc4 9. Qxc4 e6 10. d3 Be7 11. O-O O-O 12. f4 d5 13. exd5 exd5 14. Nxd5 Qxd5
15. b3 Qxc4 16. dxc4 Bf5 17. Rf2 Rae8 18. Re2 Bd8 19. Rxe8 Rxe8 20. Bd2 Ne4 21.
Re1 Kf7 22. h3 Nxd2 0-1

[Event "Challenge"]
[Site "http://www.queenalice.com/game.php?id=634313"]
[Date "2009.8.11"]
[Round "-"]
[White "Bobhigdon"]
[Black "Endgamer"]
[Result "0-1"]
[WhiteElo "1619"]
[BlackElo "1800"]

1. d4 d5 2. Nc3 c6 3. Nf3 Bg4 4. Ne5 Bh5 5. Bf4 Nd7 6. g4 Bg6 7. h4 Nxe5 8. Bxe5
f6 9. Bg3 Nh6 10. f3 e6 11. Qd2 Qb6 12. b3 Be7 13. h5 Bf7 14. O-O-O a5 15. Na4
Qb4 16. c3 Qa3+ 17. Kb1 b5 18. Nc5 Bxc5 19. dxc5 Qxc5 20. Rc1 O-O 21. e4 Rad8
22. Bf2 Qd6 23. Qc2 c5 24. Bxb5 Rb8 25. c4 d4 26. Rhd1 e5 27. Rd3 Rb7 28. Qd2
Be6 29. Rg1 Nf7 30. Bh4 Ra8 31. a4 Bd7 32. g5 f5 33. Qe1 Qe6 34. g6 Nd6 35.
gxh7+ Kxh7 36. Rg6 Qf7 37. Qg3 fxe4 38. Rd1 Nxb5 39. cxb5 Qxb3+ 40. Kc1 Bf5 41.
Rg5 Rf8 42. Qxe5 d3 43. Rg2 exf3 44. Rf2 d2+ 45. Rfxd2 Qb1# 0-1

[Event "Challenge"]
[Site "http://www.queenalice.com/game.php?id=634315"]
[Date "2009.8.11"]
[Round "-"]
[White "Bobhigdon"]
[Black "Conran"]
[Result "0-1"]
[WhiteElo "1629"]
[BlackElo "1771"]

1. d4 d5 2. Bf4 Nf6 3. Nc3 e6 4. a3 c5 5. Nf3 Nc6 6. e3 Bd7 7. Nb5 Ne4 8. Nc7+
Ke7 9. dxc5 Rc8 10. Nb5 Ke8 11. Bd3 Bxc5 12. O-O f6 13. Bd6 Nxd6 14. b4 Nxb5 15.
Bxb5 Bd6 16. c4 Ne7 17. Nd4 Bxb5 18. Nxb5 Be5 19. Rb1 a6 20. Na7 Ra8 21. Qa4+
Kf7 22. Rbd1 Qc7 23. Rb1 b6 24. Nb5 axb5 25. Qxb5 Bxh2+ 26. Kh1 dxc4 27. Qh5+ g6
28. Qxh2 Qxh2+ 29. Kxh2 Rxa3 30. Rbc1 b5 31. Rfd1 Rd3 32. Re1 Ra8 33. e4 Nc6 0-1

[Event "citryien"]
[Site "http://www.queenalice.com/game.php?id=718365"]
[Date "2010.1.22"]
[Round "2"]
[White "georgelin"]
[Black "Bobhigdon"]
[Result "1-0"]
[WhiteElo "1769"]
[BlackElo "1596"]

1. e4 e5 2. Nf3 Nc6 3. d4 Bd6 4. d5 Nd4 5. Nxd4 exd4 6. Qxd4 Qe7 7. f3 Be5 8.
Qd1 d6 9. Be3 Bxb2 10. Bd4 Bxa1 11. Bxa1 Nf6 12. Bb5+ Nd7 13. O-O O-O 14. Na3 a6
15. Qd4 axb5 16. Qxg7# 1-0

[Event "Challenge"]
[Site "http://www.queenalice.com/game.php?id=718393"]
[Date "2010.1.22"]
[Round "-"]
[White "viniciussantos"]
[Black "Bobhigdon"]
[Result "1-0"]
[WhiteElo "1665"]
[BlackElo "1610"]

1. e4 e5 2. Nf3 Nc6 3. Bc4 Qe7 4. d3 d6 5. Ng5 Be6 6. Nxe6 fxe6 7. Nc3 Nf6 8.
O-O a6 9. Bg5 h6 10. Bh4 g5 11. Bg3 Qd7 12. a3 Nd4 13. Ne2 b5 14. Ba2 Bg7 15.
Nxd4 exd4 16. f4 g4 17. e5 Nh5 18. Qxg4 Qf7 19. Bxe6 Qe7 20. Qxh5+ Kd8 21. Bh4
1-0

[Event "Challenge"]
[Site "http://www.queenalice.com/game.php?id=741165"]
[Date "2010.3.4"]
[Round "-"]
[White "vichid"]
[Black "Bobhigdon"]
[Result "1-0"]
[WhiteElo "1607"]
[BlackElo "1602"]

1. d4 d5 2. c4 Nf6 3. Nc3 c6 4. e3 Bf5 5. Bd3 Ne4 6. Nge2 e6 7. cxd5 exd5 8.
Nxe4 dxe4 9. Bc2 Bd6 10. Ng3 Bg6 11. Bxe4 Bxe4 12. Nxe4 O-O 13. Nxd6 Qxd6 14.
O-O Nd7 15. b3 Rad8 16. Bb2 f6 17. a4 Rde8 18. Ba3 c5 19. dxc5 Qxd1 20. Rfxd1
Rf7 21. Rac1 Ne5 22. Bb2 Nc6 23. Bd4 Rd7 24. Rd2 Na5 25. Rc3 f5 26. Rcd3 f4 27.
Re2 Nc6 28. Kf1 Rde7 29. Bc3 b6 30. cxb6 axb6 31. b4 Ra8 32. Rd6 Ne5 33. exf4
Rxa4 34. Rxe5 1-0